[Event "Paphos op 3rd"]
[Site "Paphos"]
[Date "2025.04.12"]
[Round "2"]
[White "Oganian, Miran"]
[Black "Ilgililer, Bertug"]
[Result "1-0"]
[WhiteElo "2418"]
[BlackElo "1939"]
[PlyCount "87"]
[EventDate "2025.04.11"]
[EventType "swiss"]
[EventRounds "9"]
[EventCountry "CYP"]
[SourceTitle "CB18_2025"]
[SourceDate "2025.04.30"]
[SourceVersion "1"]
[SourceVersionDate "2025.04.30"]
[SourceQuality "1"]

1. d4 d5 2. c4 e6 3. Nf3 Nf6 4. g3 Bb4+ 5. Bd2 Be7 6. Bg2 c6 7. Qc2 Nbd7 8. 0-0 0-0 9. Rd1 b6 10. Bf4 Bb7 11. Nc3 dxc4 12. Nd2 Nd5 13. Nxc4 Nxf4 14. gxf4 Qc7 15. e3 c5 16. d5 exd5 17. Bxd5 Nf6 18. Bxb7 Qxb7 19. Ne5 Rad8 20. Qb3 Bd6 21. Qa4 a6 22. Qc6 Qb8 23. Nc4 Bc7 24. a4 Rc8 25. Nd6 Bxd6 26. Qxd6 Rfd8 27. Qxb8 Rxb8 28. Kg2 g6 29. e4 Rd4 30. Kf3 Rbd8 31. Rxd4 cxd4 32. Rd1 Rd7 33. Ne2 d3 34. Nc3 Rd4 35. h3 b5 36. axb5 axb5 37. Ke3 Rc4 38. f3 Rb4 39. Rd2 Rb3 40. Na2 Nh5 41. Nc1 Rb4 42. b3 f5 43. Kxd3 fxe4+ 44. Kc3 1-0

[Event "EU-ch 25th"]
[Site "Eforie Nord"]
[Date "2025.03.24"]
[Round "9"]
[White "Hrabinska, Myroslava"]
[Black "Ilgililer, Bertug"]
[Result "1-0"]
[WhiteElo "2130"]
[BlackElo "1817"]
[PlyCount "89"]
[EventDate "2025.03.15"]
[EventType "swiss"]
[EventRounds "11"]
[EventCountry "ROU"]
[SourceTitle "CB13_2025"]
[SourceDate "2025.03.26"]
[SourceVersion "1"]
[SourceVersionDate "2025.03.26"]
[SourceQuality "1"]

1. e4 c5 2. b3 Nc6 3. Bb2 d5 4. exd5 Qxd5 5. Nc3 Qd8 6. Nf3 Nf6 7. Bb5 Bd7 8. 0-0 a6 9. Bxc6 Bxc6 10. Ne5 Qc7 11. Qe2 e6 12. f4 0-0-0 13. Nxc6 Qxc6 14. d3 Rg8 15. f5 exf5 16. Rxf5 Bd6 17. Qf3 Qxf3 18. Rxf3 Be5 19. Na4 Bxb2 20. Nxb2 Rge8 21. Nc4 Re2 22. Rf2 Rxf2 23. Kxf2 b5 24. Ne3 Nd5 25. a4 Nxe3 26. Kxe3 Re8+ 27. Kd2 b4 28. Rf1 f6 29. Rf5 Re5 30. Rf4 Rh5 31. h3 Rg5 32. g4 h5 33. Rf5 Kd7 34. Rxg5 fxg5 35. d4 Kd6 36. Kd3 Kd5 37. dxc5 g6 38. c4+ bxc3 39. b4 a5 40. b5 c2 41. Kxc2 Kxc5 42. Kc3 Kd5 43. Kd3 hxg4 44. hxg4 Ke5 45. Kc4 1-0

[Event "EU-ch 25th"]
[Site "Eforie Nord"]
[Date "2025.03.22"]
[Round "7"]
[White "Cojocari, Dmitri"]
[Black "Ilgililer, Bertug"]
[Result "1/2-1/2"]
[WhiteElo "2136"]
[BlackElo "1817"]
[PlyCount "65"]
[EventDate "2025.03.15"]
[EventType "swiss"]
[EventRounds "11"]
[EventCountry "ROU"]
[SourceTitle "CB13_2025"]
[SourceDate "2025.03.26"]
[SourceVersion "1"]
[SourceVersionDate "2025.03.26"]
[SourceQuality "1"]

1. f4 d5 2. Nf3 Nf6 3. g3 c5 4. Bg2 Nc6 5. 0-0 g6 6. d3 Bg7 7. Nc3 0-0 8. Ne5 Rb8 9. e3 d4 10. Bxc6 bxc6 11. Na4 Bh3 12. Re1 Nd5 13. e4 Bxe5 14. fxe5 Ne3 15. Bxe3 dxe3 16. b3 f5 17. Qe2 f4 18. gxf4 Rxf4 19. Kh1 Bg4 20. Qxe3 Qf8 21. Kg1 Qh6 22. Qg3 Rbf8 23. Rf1 Rxf1+ 24. Rxf1 Rxf1+ 25. Kxf1 Qc1+ 26. Kf2 Qxc2+ 27. Kg1 Qb1+ 28. Kf2 Qxa2+ 29. Kg1 Qb1+ 30. Kf2 Qc2+ 31. Kg1 Qd1+ 32. Kf2 Qe2+ 33. Kg1 1/2-1/2

[Event "EU-ch 25th"]
[Site "Eforie Nord"]
[Date "2025.03.20"]
[Round "6"]
[White "Ilgililer, Bertug"]
[Black "Humbert, Arthur"]
[Result "1-0"]
[WhiteElo "1817"]
[BlackElo "2036"]
[PlyCount "71"]
[EventDate "2025.03.15"]
[EventType "swiss"]
[EventRounds "11"]
[EventCountry "ROU"]
[SourceTitle "CB13_2025"]
[SourceDate "2025.03.26"]
[SourceVersion "1"]
[SourceVersionDate "2025.03.26"]
[SourceQuality "1"]

1. e4 c5 2. Nf3 Nc6 3. Bb5 Nf6 4. Nc3 g6 5. 0-0 Bg7 6. Re1 0-0 7. d3 Ne8 8. Bxc6 dxc6 9. Be3 b6 10. h3 e5 11. Qd2 Nc7 12. Bh6 Qd6 13. Bxg7 Kxg7 14. Ne2 Ba6 15. Rad1 Rad8 16. Qe3 Rd7 17. g3 Rfd8 18. Nh2 Qe6 19. f4 Qxh3 20. fxe5 Qe6 21. Rf1 h5 22. Qg5 Qe7 23. Rf6 Ne6 24. Qe3 c4 25. d4 Nxd4 26. Nxd4 Qxe5 27. Rf5 Qc7 28. Rxh5 Kg8 29. Rh3 Qe5 30. Ng4 Qg7 31. e5 Re7 32. Nh6+ Kf8 33. Ne6+ Rxe6 34. Rxd8+ Ke7 35. Qd4 Bc8 36. Ng8+ 1-0